Violent passion / (Record no. 129983)

MARC details
000 -LEADER
fixed length control field 00576nam a22002177a 4500
005 - DATE AND TIME OF LATEST TRANSACTION
control field 20170124110105.0
010 ## - LIBRARY OF CONGRESS CONTROL NUMBER
LC control number A-813308
020 ## - INTERNATIONAL STANDARD BOOK NUMBER
Terms of availability 100.00
International Standard Book Number 8171897746
035 ## - SYSTEM CONTROL NUMBER
System control number A-813308
037 ## - SOURCE OF ACQUISITION
Source of stock number/acquisition Cen Lib/Ret
040 ## - CATALOGING SOURCE
Original cataloging agency DPL
Language of cataloging EN
082 ## - DEWEY DECIMAL CLASSIFICATION NUMBER
Classification number S
Item number GAN
100 ## - MAIN ENTRY--PERSONAL NAME
Personal name Gandotra, H.K.L.
9 (RLIN) 27981
245 ## - TITLE STATEMENT
Title Violent passion /
Statement of responsibility, etc by H.K.L. Gandotra
260 ## - PUBLICATION, DISTRIBUTION, ETC. (IMPRINT)
Place of publication, distribution, etc Calcutta
Name of publisher, distributor, etc Writers workshop publications
Date of publication, distribution, etc 1995
270 ## - ADDRESS
City Calcutta
Postal code 700045
300 ## - PHYSICAL DESCRIPTION
Extent 62p.
Dimensions 21cm(Hb)
650 ## - SUBJECT ADDED ENTRY--TOPICAL TERM
Topical term or geographic name as entry element Literature
9 (RLIN) 6262
650 ## - SUBJECT ADDED ENTRY--TOPICAL TERM
Topical term or geographic name as entry element Short stories
9 (RLIN) 44
942 ## - ADDED ENTRY ELEMENTS (KOHA)
Source of classification or shelving scheme Dewey Decimal Classification
Koha item type English Books
Classification part S
Call number suffix GAN
Holdings
Withdrawn status Lost status Damaged status Not for loan Home library Current library Date acquired Source of acquisition Cost, normal purchase price Total Checkouts Full call number Barcode Date last seen Copy number Cost, replacement price Price effective from Koha item type Public note
Written off       Central Library Central Library 08/07/2015 Cen Lib/Ret 100.00   S GAN A-813308 08/07/2015 1 100.00 08/07/2015 English Books W/d List No. 685723/; dtd 04/08/2020

© Delhi Public Library
Hit Counter
free hit counter